| 000 | 01023nam a22002537a 4500 | ||
|---|---|---|---|
| 999 |
_c64380 _d64380 |
||
| 005 | 20240530110728.0 | ||
| 008 | 150331s2007 ua adk g 000 0 ara d | ||
| 017 |
_a2007/26867 _bمصر . دار الكتب المصرية |
||
| 020 | _a9789776270497 | ||
| 040 | _aEG-CaGPL | ||
| 082 | 0 | 4 |
_221 _a005.3\ _bم م |
| 100 | 1 | _aميور ، نانسى | |
| 245 | 1 | 0 |
_aمايكروسوفت اوفيس بروجيكت 2007 فورداميز / _cتاليف نانسى ميور ؛ الترجمة باعتماد خالد العامرى |
| 250 | _aط.1 | ||
| 260 |
_aالقاهرة : _bدار الفاروق للاستثمارات الثقافية ، _c2007 . |
||
| 300 |
_a456 ص : _bايض ؛ _c24 سم. |
||
| 650 | 0 | 4 |
_aالحاسبات الالكترونية _xبرامج |
| 650 | 0 | 4 | _aبروجيكت 2007 |
| 650 | 0 | 4 | _aاوفيس2007 (برنامج حاسبات ) |
| 650 | 0 | 4 | _aنظم المعلومات |
| 700 | 0 |
_aخالد العامرى _eمترجم |
|
| 942 |
_2ddc _cBK |
||